书目信息 |
| 题名: |
全日制普通高级中学(必修)地理
|
|
| 作者: | ;人民教育出版社地理社会室 编著 | |
| 分册: | 下册 | |
| 出版信息: | 北京 人民教育出版社 2003.12 |
|
| 页数: | 94页 | |
| 开本: | 28cm | |
| 丛书名: | ||
| 单 册: | ||
| 中图分类: | G633.553 | |
| 科图分类: | ||
| 主题词: | 教育--各级 | |
| 电子资源: | ||
| ISBN: | 7-107-17103-8 | |
| 000 | 00664nam0 22002171 450 | |
| 001 | 1572413776 | |
| 005 | 20150127175408.96 | |
| 010 | @a7-107-17103-8@dCNY6.90 | |
| 100 | @a20110905d2003 ekmy0chiy0120 ea | |
| 101 | 0 | @achi |
| 102 | @aCN@b110000 | |
| 105 | @ay z 000yy | |
| 200 | 1 | @a全日制普通高级中学(必修)地理@Aquan ri zhi pu tong gao ji zhong xue(bi xiu)di li@e教师教学用书@h下册@f人民教育出版社地理社会室编著 |
| 210 | @a北京@c人民教育出版社@d2003.12 | |
| 215 | @a94页@c图@d28cm | |
| 606 | 0 | @a教育@x各级 |
| 690 | @aG633.553@v5 | |
| 690 | @v4 | |
| 711 | 02 | @a人民教育出版社地理社会室@4编著 |
| 801 | 0 | @aCN@bTSSF@c20150127 |
| 905 | @aZUCC@dG633.553@eJY1:2 | |
| 全日制普通高级中学(必修)地理:教师教学用书.下册/人民教育出版社地理社会室编著.-北京:人民教育出版社,2003.12 |
| 94页:图;28cm |
| ISBN 7-107-17103-8:CNY6.90 |
| ● |
| 相关链接 |
|
|
|
|
正题名:全日制普通高级中学(必修)地理
索取号:G633.553/JY1:2
 
预约/预借
| 序号 | 登录号 | 条形码 | 馆藏地/架位号 | 状态 | 备注 |
| 1 | 7853310 | 278533106 | 学院路分馆/ [索取号:G633.553/JY1:2] | 在馆 | |
| 2 | 7853311 | 278533115 | 学院路分馆/ [索取号:G633.553/JY1:2] | 在馆 |